| 000 | 00804nam a22001577a 4500 | ||
|---|---|---|---|
| 003 | OSt | ||
| 005 | 20151008084419.0 | ||
| 008 | 151008b xxu||||| |||| 00| 0 eng d | ||
| 040 | _cRUA | ||
| 082 | _aAVM TEA 2007 B078 Or.1 | ||
| 100 |
_92331 _aTEAP, KEOPHIRUN. |
||
| 245 | _aUtilization of broken rice as basal diets by supplementation of sweet potatoes vine and water spinach on growing crossed breed pigs (ការប្រើប្រាស់ចុងអង្ករជាចំណីគ្រឺះដោយបន្ថែមទងដំឡូងជ្វាស្រស់និងត្រកួនស្រស់ទៅលើការលូតលាស់របស់ជ្រូកកូនកាត់) | ||
| 260 |
_aPhnom Penh _bRUA _c2007 |
||
| 300 |
_ax, 36p. _bill. _c29cm. |
||
| 942 |
_2ddc _cAVM |
||
| 999 |
_c2197 _d2197 |
||